Escala de actitudes Fide Secundaria: determinación y evaluación práctica de valores

Saved in:
Bibliografiske detaljer
Format: Bog
Sprog:spansk
Udgivet: Santiago Fide Secundaria 1991
Fag:
Tags: Tilføj Tag
Ingen Tags, Vær først til at tagge denne postø!

MARC

LEADER 00000nam a2200000 a 4500
001 UCW7268
003 CL-VaPUC
008 921016e19910000CL |||||||||||||||||spa|d
082 0 4 |a 370.114  |b ESC  |2 21 
245 1 0 |a Escala de actitudes Fide Secundaria: determinación y evaluación práctica de valores 
300 |a 16 p 
942 |c BK 
945 |d 19921016 00:00:00 
260 |a Santiago  |b Fide Secundaria  |c 1991 
650 0 |a Valores (Filosofía)  |9 256541 
650 0 |a Educación moral  |9 308319 
583 |a last modification  |c 19921016 00:00:00  |k Rodrigo Vera 
999 |c 220087  |d 220085 
952 |0 0  |1 0  |4 0  |6 370_114000000000000_ESC_1991  |7 0  |8 A  |9 211867  |a BIBEDU  |b BIBEDU  |d 2019-11-15  |i 2800683  |o 370.114 ESC 1991  |p 2800683  |r 2019-11-15  |w 2019-11-15  |y BK  |k EDU 
952 |0 0  |1 0  |4 0  |6 370_114000000000000_ESC_1991  |7 0  |8 A  |9 211868  |a BIBEDU  |b BIBEDU  |d 2019-11-15  |i 2800691  |o 370.114 ESC 1991  |p 2800691  |r 2019-11-15  |w 2019-11-15  |y BK  |k EDU